| 000 | 00427 a2200157 4500 | ||
|---|---|---|---|
| 003 | OSt | ||
| 005 | 20240111110003.0 | ||
| 008 | 240111b |||||||| |||| 00| 0 eng d | ||
| 040 | _coclc | ||
| 082 |
_a297 _bAKB/S |
||
| 100 |
_aAkbar, M M _92026 |
||
| 245 |
_aSamadanathinte doodan / _cM M Akbar |
||
| 260 |
_aKerala: _bNiche of truth, _c2014 |
||
| 300 | _a66p | ||
| 942 |
_2ddc _cBK _h297 _iAKB/S _k297 _mAKB/S |
||
| 999 |
_c43150 _d43150 |
||